000 00441nam a2200157 i 4500
001 50255
003 ES-MaACL
005 20230906162140.0
007 t|
008 030801s1977 sp ||||1| spa d
100 1 _aCruz Hernández, Miguel.
_941830
245 1 3 _aEl pensamiento de Ramón Llull /
_cMiguel Cruz Hernández.
260 _a[Valencia] :
_bCastalia,
_c[1977]
300 _a452 p. ;
_c19 cm.
852 _aES-MaACL
_jA-6760
_bR.95780
999 _c50255
_d50255